000 00871nam a2200229Ii 4500
003 JO-AjNU
008 230605s9999||||xx |||||||||||||| ||und||
017 _a2019/7/3690
020 _a978-9957-76-771-6
040 _aJO-AjNU
_bara
_erda
_cJO-AjNU
041 _aara
050 1 4 _aLB1025.2020
100 3 _aالفتلي، حسين هاشم هندول,
_eauthor
_959902
245 0 0 _aالبيداغوجيا والاندراغوجيا والهوتاغوجيا: مستحدثات تربوية يمكن توظيفها في التعلم والتعليم الجديد
250 _aط1
264 3 1 _aعمان: دار الرضوان للنشر والتوزيع، 2020
300 _a285ص
336 _atext
_btxt
_2rdacontent
337 _aunmediated
_bn
_2rdamedia
338 _avolume
_bnc
_2rdacarrier
650 4 _aالبيداغوجيا-علوم التربية
_959903
999 _aA26980
_c30548
_d30548